Random Objects by Picture #14 - Statistics

General Stats
  • This quiz has been taken 4 times
  • The average score is 8 of 18
Answer Stats
Picture Answer % Correct
Book
100%
Fork
100%
Rabbit
100%
April
75%
Baby Rosalina
50%
Nutria
50%
Shadow Projects
50%
Asian Otter
25%
Blue Argentavis
25%
Classic Knuckles
25%
Deinotherium
25%
Dzo
25%
Elasmotherium
25%
Gigantopithecus
25%
Indian Porcupine
25%
Knuckles The Echidna
25%
Leopard Cat
25%
The Book Of Pooh
25%
No matching quizzes found
Score Distribution
Percent of People with Each Score
Percentile by Number Answered
Your Score History
You have not taken this quiz